The development of the Indian economy / (Record no. 5541)
[ view plain ]
| 000 -LEADER | |
|---|---|
| fixed length control field | 00819cam a22002531 4500 |
| 001 - CONTROL NUMBER | |
| control field | 5541 |
| 003 - CONTROL NUMBER IDENTIFIER | |
| rucl marc code | BD-RjUL |
| 005 - DATE AND TIME OF LATEST TRANSACTION | |
| control field | 20211208234102.0 |
| 008 - FIXED-LENGTH DATA ELEMENTS--GENERAL INFORMATION | |
| fixed length control field | 131226s1962 ilu 000 0 eng |
| 035 ## - SYSTEM CONTROL NUMBER | |
| System control number | (BD-RjUL) |
| System control number | (OCoLC)1249090 |
| 040 ## - CATALOGING SOURCE | |
| Original cataloging agency | DLC |
| Transcribing agency | OYU |
| Modifying agency | OCoLC |
| -- | MCM |
| -- | DLC |
| Language of cataloging | eng |
| 041 ## - LANGUAGE CODE | |
| Language code of text/sound track or separate title | eng |
| 082 ## - DEWEY DECIMAL CLASSIFICATION NUMBER | |
| Classification number | 338.954 |
| Author mark and year | RED 1962 |
| 100 1# - MAIN ENTRY--PERSONAL NAME | |
| Personal name | Reddaway, William Brian. |
| 9 (RLIN) | 13611 |
| 245 14 - TITLE STATEMENT | |
| Title | The development of the Indian economy / |
| Remainder of title | W. B. Reddaway |
| 260 ## - PUBLICATION, DISTRIBUTION, ETC. (IMPRINT) | |
| Place of publication, distribution, etc. | Homewood, Ill., |
| Name of publisher, distributor, etc. | Irwin, |
| Date of publication, distribution, etc. | 1962. |
| 300 ## - PHYSICAL DESCRIPTION | |
| Pagination | 216 p. |
| Size | 23 cm. |
| 410 20 - SERIES STATEMENT/ADDED ENTRY--CORPORATE NAME [OBSOLETE, CAN/MARC], [LOCAL, USA] | |
| Corporate name or jurisdiction name as entry element | Massachusetts Institute of Technology. |
| Subordinate unit | Center for International Studies. |
| Title of a work | The studies in the economic development of India |
| 651 #0 - SUBJECT ADDED ENTRY--GEOGRAPHIC NAME | |
| Geographic name | India |
| General subdivision | Economic policy. |
| 9 (RLIN) | 17356 |
| 942 ## - ADDED ENTRY ELEMENTS (KOHA) | |
| Source of classification or shelving scheme | Dewey Decimal Classification |
| Koha item type | Books |
| Lost status | Source of classification or shelving scheme | Damaged status | Not for loan | Collection code | Permanent Location | Current Location | Shelving location | Date acquired | Source of acquisition | Total Checkouts | Full call number | Date last seen | Copy number | Koha item type | Cost, normal purchase price |
|---|---|---|---|---|---|---|---|---|---|---|---|---|---|---|---|
| Dewey Decimal Classification | Non-fiction | Central Library, University of Rajshahi | Central Library, University of Rajshahi | 15/12/1965 | Zeit | 338.954 RED 1962 | 26/12/2013 | C-3 | Books | ||||||
| Dewey Decimal Classification | Not For Loan | Non-fiction | Central Library, University of Rajshahi | Central Library, University of Rajshahi | Reading Room | 03/06/1964 | Zeitlinger | 338.954 RED 1962 | 19/12/2016 | C-1 | Books | 30.00 |